000 00707nam a2200229Ia 4500
001 16111
003 GE_BSU
008 181216s||||||||xx |||||||||||||| ||und||
020 _a978-9941-0-4126-6
040 _cGE_BSU
100 _aჩიქოვანი, თინათინ
245 _aიმუნოლოგია
245 _bმოკლე კურსი.სახელმძღვ
250 _aმე-2 გამოც
260 _aთბილისი
260 _bსაუნჯე
260 _c2012
300 _a229გვ. : სურ., ცხრ. + 3 ჩართ. ფ. ილ. ; 29სმ
541 _h22ლ.
653 _aიმუნოლოგია
942 _cBK
999 _c49200
_d49200